|
|
|
|
| LEADER |
00000nab a2200000 a 4500 |
| 001 |
vtls000594559 |
| 003 |
SK-MaSNL |
| 005 |
20260305000429.0 |
| 008 |
250425c1996 xo 0 slo |
| 015 |
|
|
|a SNBRB19rr/mm-uuuuu
|
| 035 |
|
|
|a CL0594698
|
| 035 |
|
|
|a urn:nbn:sk:snk-ab2tt7
|
| 035 |
|
|
|a (urnnbn)urn:nbn:sk:snk:ar-a02xkb
|
| 035 |
|
|
|a (uuid)7f6966a8-3a03-4131-bba7-4f36ab9a2549
|
| 040 |
|
|
|a SNKBUCL
|b slo
|c SNKBUCL
|e AACR2
|
| 041 |
0 |
|
|a slo
|
| 044 |
|
|
|a xo
|c SK
|
| 080 |
|
|
|a 378.124
|2 1981
|
| 080 |
|
|
|a 159.9-051
|2 1981
|
| 100 |
1 |
|
|a Zelina, Miron,
|d 1940-
|4 aut
|9 98638
|
| 245 |
1 |
0 |
|a Miroslav T. Bažány vyznamenaný Rádom akademických paliem
|c Miron Zelina
|
| 600 |
1 |
7 |
|a Bažány, Miroslav Teofil,
|d 1923-1998
|2 snkbucl
|9 36897
|
| 648 |
|
7 |
|a 1996
|2 SNKPH
|9 283904
|
| 650 |
0 |
7 |
|a Rád akademických paliem
|2 snkbucl
|9 1574982
|
| 655 |
|
7 |
|a články z novín a časopisov
|2 snkbucl
|9 267496
|
| 773 |
0 |
|
|t Psychológia a patopsychológia dieťaťa
|g Roč. 31, č. 2 (1996), s. 192
|x 0555-5574
|
| 850 |
|
|
|a Slovenská národná knižnica
|
| 852 |
|
|
|a Slovenská národná knižnica
|
| 954 |
|
|
|a odborná, vedecká literatúra pôvodná (slovenská)
|2 lita
|
| 958 |
|
|
|a article2022
|
| 958 |
|
|
|a RK
|
| 958 |
|
|
|a SK
|
| 958 |
|
|
|a OND
|
| 958 |
|
|
|a EUIPO
|
| 992 |
|
|
|a RBX
|
| 999 |
|
|
|c 3213661
|d 3215591
|